Invertir en los niños, niñas y adolescentes. Prioridad Nacional /

Bewaard in:
Bibliografische gegevens
Coauteur: Fondo de las Naciones Unidas para la Infancia (UNICEF)
Formaat: Boek
Taal:Spanish
Gepubliceerd in: San José, Costa Rica : UNICEF, 2005
Onderwerpen:
Tags: Voeg label toe
Geen labels, Wees de eerste die dit record labelt!

MARC

LEADER 00000nam a2200000Ia 4500
008 180828b2005 cr ||||| |||| 00| | spa d
999 |c 2109  |d 2109 
090 |a 14.02.02   |b 1233 
110 |a Fondo de las Naciones Unidas para la Infancia (UNICEF)  |9 4026 
245 1 0 |a Invertir en los niños, niñas y adolescentes. Prioridad Nacional /   |c Fondo de las Naciones Unidas para la Infancia  
260 |a San José, Costa Rica :   |b UNICEF,   |c 2005 
300 |a 30 páginas 
650 1 4 |a INFANCIA  |9 533 
650 1 4 |a ADOLESCENTES  |9 5 
650 1 4 |a EDUCACIÓN  |9 1 
650 1 4 |a DATOS ESTADÍSTICOS  |9 452 
650 1 4 |a POBREZA  |9 263 
650 1 4 |a RESPONSABILIDAD SOCIAL  |9 3359 
942 |i 001946   |h 14.02.02 1233  |2 z  |c 01